| 000 | 00807nam a22002177a 4500 | ||
|---|---|---|---|
| 999 |
_c628 _d628 |
||
| 003 | AR-CdUCM | ||
| 008 | 190225b ||||| |||| 00| 0 eng d | ||
| 040 |
_aMUNICIPALIDAD PROVINCIAL DEL CUSCO _cBIBLIOTECA MUNICIPAL DEL CUSCO |
||
| 082 |
_a630.6385 / _bV19 |
||
| 100 |
_aValderrama León, Mariano _92447 |
||
| 245 | _aEl agro hoy / | ||
| 260 |
_aLima : _bCentro peruano de estudios sociales, _c1985. |
||
| 300 |
_a99 paginas ; _b15 Fotografías. _c21 cm. |
||
| 505 | _aII congreso de productores agrarios -- Los bienes de los productores agrarios -- Directiva del consejo unitario nacional agrario elegida en el congreso ... | ||
| 650 |
_aAgricultura _9320 |
||
| 650 |
_aCongresos _92448 |
||
| 650 |
_aPerú _935 |
||
| 650 |
_aProductores Agrarios _92449 |
||
| 942 |
_2ddc _cLIBROS |
||
| 945 |
_aacv _d2019-02-25 |
||